00872 a2200193 4500003000400000005001700004008004100021020001800062040000900080082001800089245006000107260002400167300001400191942004200205952013800247952013800385952013800523999001700661OSt20250610104327.0250531b |||||||| |||| 00| 0 eng d a9781307999808 coclc a658.15bIIM/F aFinancial markets & instruments and corporate Finance / bMcGraw Hill,c2024. a852 pages 2ddccBKh658.15iIIM/Fk658.15mIIM/F 00102ddc40708MANAGEMENTaMESbMEScMANAGEMENTd2025-06-10l0o658.15 IIM/Fp45837r2025-06-10 10:43:17t1w2025-06-10yBKzGL57R4 00102ddc40708MANAGEMENTaMESbMEScMANAGEMENTd2025-06-10l0o658.15 IIM/Fp45838r2025-06-10 10:43:17t2w2025-06-10yBKzGL57R4 00102ddc40708MANAGEMENTaMESbMEScMANAGEMENTd2025-06-10l0o658.15 IIM/Fp45839r2025-06-10 10:43:17t3w2025-06-10yBKzGL57R4 c44498d44498